=LDR 00000nam 2200000 4500 =001 INLIS000000000017675 =005 20200616081129 =035 ##$$a 0010-061300000017675 =008 200616################g##########0#ind## =041 ##$$a Ind =082 ##$$a 2x4.302 =090 ##$$a 2x4.302, Suf p =100 1#$$a Sufyan, Ummu =245 1#$$a Problema suami istri dan acara penyelesaianny secara islami, /$c Ummu Sufyan =260 ##$$a Solo :$b At-Tibyan,$c 2000 =300 ##$$a 152 hlm, ; $c 12x18 cm =650 #4$$a Bimbingan Suami Istri (islam) =850 ##$$a NBPNMAT =084 ##$$a 2x4.302 SUF p =250 ##$$a cet.1 =990 ##$$a 20605772 =990 ##$$a 20605773 =990 ##$$a 20605774 =990 ##$$a 20605775 =990 ##$$a 20605772 =990 ##$$a 20605773 =990 ##$$a 20605774 =990 ##$$a 20605775 =990 ##$$a 20605773 =990 ##$$a 20605772 =990 ##$$a 20605774 =990 ##$$a 20605775 =990 ##$$a 20605774 =990 ##$$a 20605772 =990 ##$$a 20605773 =990 ##$$a 20605775 =990 ##$$a 20605775 =990 ##$$a 20605772 =990 ##$$a 20605773 =990 ##$$a 20605774